[Event "24th Hoogeveen Open 2021"]
[Site "Hoogeveen"]
[Date "2021.10.18"]
[Round "4.1"]
[White "Bezemer, Arno"]
[Black "De Winter, Arthur"]
[Result "1/2-1/2"]
[WhiteElo "2283"]
[BlackElo "2034"]
[Annotator "TA"]
[PlyCount "58"]
[EventDate "2021.10.15"]
[EventType "swiss"]
[EventCountry "NED"]
[SourceTitle "playchess.com"]
[Source "ChessBase"]
[SourceQuality "1"]

{[%evp 15,58,7,12,12,12,14,22,20,23,11,18,18,18,-4,0,-24,4,-22,19,17,18,8,9,4,17,-16,-10,-59,-72,-76,-57,-55,0,0,0,0,0,0,0,0,0,0,0,0,0]} 1. g3 Nf6 2. Bg2 g6 3. c4 Bg7 4. Nc3 O-O 5. Nf3 d6 6. O-O Nbd7 7. d3 e5 8. Rb1 Re8 {is now debated instead of 8...a5.} 9. Qc2 {A24: English Opening vs King's Indian: Lines without ...Nc6.} Nf8 10. b4 Bd7 {[#]} 11. Rd1 $146 ({Predecessor:} 11. b5 Qc8 12. Nd5 Nh5 13. a4 c6 14. bxc6 bxc6 15. Nc3 Bh3 16. Ba3 Rd8 17. Bxh3 Qxh3 {1-0 (37) Kirsanova,E (2159)-Agrest,I (2207) Aarhus 2012}) 11... Qc8 12. Nd5 c6 13. Nxf6+ Bxf6 14. Bb2 Bh3 15. Bh1 h5 16. Qd2 h4 17. Ng5 Bf5 18. Ne4 Bxe4 19. Bxe4 Ne6 20. f4 Ng7 21. Rf1 hxg3 22. hxg3 Qg4 {Strongly threatening ...Nf5.} 23. Rf2 Qxg3+ (23... Bh4 $15 24. Rg2 Bxg3 25. fxe5 dxe5) 24. Rg2 $11 {The position is equal.} Qh4 25. Rf1 $1 Rad8 26. Rh2 Qg4+ 27. Rg2 Qh4 28. Rh2 Qg4+ 29. Rg2 Qh4 $1 {Weighted Error Value: White=0.09/Black=0.08} 1/2-1/2

[Event "24th Hoogeveen Open 2021"]
[Site "Hoogeveen"]
[Date "2021.10.18"]
[Round "4.2"]
[White "Shakhverdian, William"]
[Black "Van den Berg, Bram"]
[Result "1/2-1/2"]
[WhiteElo "2067"]
[BlackElo "2209"]
[Annotator "TA"]
[PlyCount "82"]
[EventDate "2021.10.15"]
[EventType "swiss"]
[EventCountry "NED"]
[SourceTitle "playchess.com"]
[Source "ChessBase"]
[SourceQuality "1"]

{[%evp 9,82,64,345,68,69,70,74,23,88,50,65,8,18,4,2,0,24,16,41,4,70,6,30,0,0,-33,-29,-26,-12,-22,-22,-24,-12,-15,-25,-26,-26,-18,-7,-18,-11,-21,0,0,22,23,18,0,57,0,0,0,0,-25,-25,-28,-20,-69,-77,-71,-53,-53,-40,-55,-51,-30,0,0,0,0,0,-10,0,0,0]} 1. d4 e5 2. dxe5 Nc6 3. Nf3 Qe7 4. Nc3 Nxe5 5. Nd5 Nxf3+ 6. gxf3 {A40: Unusual replies to 1 d4.} Qd8 7. Bf4 d6 $1 8. e4 (8. Qd4 $16) 8... Be6 (8... c6 $11) 9. Qd2 c6 10. Nc3 (10. Ne3 $1 $14) 10... Qa5 {[#]} 11. Ne2 $146 (11. Qd4 {with more complications.} Nf6 12. O-O-O O-O-O 13. Be3 c5 14. Qa4) ({Predecessor:} 11. O-O-O O-O-O 12. Kb1 g6 13. Qd4 f6 14. h4 Rd7 15. Bc4 Bxc4 16. Qxc4 Nh6 17. Qe6 Be7 18. Bxh6 {1-0 (18) Hamidi,A (2276)-Vovk,O (2315) Chess.com INT 2021}) 11... Qxd2+ 12. Bxd2 Be7 13. O-O-O O-O-O 14. Rg1 {Black should prevent Nf4.} Bf6 (14... g6 $1 $11) 15. Ba5 (15. Nf4 $14) 15... b6 $11 16. Bb4 Kc7 17. f4 g6 18. Rg3 d5 19. f5 gxf5 20. exd5 Rxd5 21. Rxd5 cxd5 22. Bc3 Bxc3 23. Rxc3+ Kb7 24. Nf4 Nf6 25. Re3 Re8 26. Bb5 Re7 27. Rh3 Kc7 28. Rh6 Ne4 (28... Ng4 $1 $11 29. Rxh7 Kd6) 29. Rxh7 (29. f3 $1 $14) 29... Kd6 $1 30. Nd3 a6 31. Ba4 (31. Bxa6 {is more complex.} Ra7 32. Nb4 Ra8 33. f4 Kc5 34. Nd3+) 31... b5 32. Bb3 Re8 33. Rg7 Rh8 34. f3 Nf6 35. Rg2 Rh3 36. Rf2 a5 {[#] Threatens to win with ...a4.} 37. c3 d4 38. Bxe6 {The position is equal.} fxe6 39. cxd4 Rh4 40. Rd2 Rxd4 41. Ne1 Ke5 {Weighted Error Value: White=0.19/Black=0.14} 1/2-1/2

[Event "24th Hoogeveen Open 2021"]
[Site "Hoogeveen"]
[Date "2021.10.18"]
[Round "4.3"]
[White "Tabak, Stefan"]
[Black "Miulescu, Gabriel"]
[Result "1-0"]
[WhiteElo "2168"]
[BlackElo "2036"]
[Annotator "TA"]
[PlyCount "43"]
[EventDate "2021.10.15"]
[EventType "swiss"]
[EventCountry "NED"]
[SourceTitle "playchess.com"]
[Source "ChessBase"]
[SourceQuality "1"]

{[%evp 9,43,9,23,10,35,38,88,-12,31,0,41,7,52,64,68,67,53,53,433,410,423,421,416,406,436,451,460,452,454,423,418,335,2431,1076,29993,29988]} 1. e4 c5 2. Nf3 e6 3. b4 b6 4. bxc5 bxc5 5. Nc3 Nc6 6. Bb5 {B40: Sicilian: 2...e6, Unusual lines.} Qc7 7. O-O {[#]} a6 $146 ({Predecessor:} 7... Nf6 8. Re1 Be7 9. d3 O-O 10. e5 Nd5 11. Nxd5 exd5 12. d4 Nxd4 13. Nxd4 cxd4 {½-½ (34) Kaczmarek,A (2368)-Niekras,D (2286) Szklarska Poreba 2021}) 8. Bc4 (8. Bxc6 $16 Qxc6 9. Ne5) 8... Na5 9. Be2 Bb7 10. Rb1 d6 11. d4 cxd4 12. Qxd4 Nf6 13. Bd2 $36 {[%mdl 2048] White is more active.} Nd7 $2 {[%mdl 8192] [#] This costs Black the game.} (13... Be7 $14) 14. Nd5 $1 $18 {[%cal Rd5c7][%mdl 512]} exd5 15. Bxa5 {[%mdl 64] Overworked Piece} Qxa5 16. Rxb7 Be7 17. exd5 Bf6 18. Qe4+ Ne5 19. Nxe5 dxe5 20. Bd3 {Strongly threatening d6.} Qxa2 $2 (20... g6 21. Qf3 Qd8) 21. f4 (21. d6 $142 Qe6 22. Qc6+ Kf8 23. Bc4) 21... O-O-O 22. Rfb1 {Weighted Error Value: White=0.23/Black=1.01} 1-0

[Event "24th Hoogeveen Open 2021"]
[Site "Hoogeveen"]
[Date "2021.10.18"]
[Round "4.4"]
[White "Gutkind, Kedem"]
[Black "Van der Hagen, Loek"]
[Result "0-1"]
[WhiteElo "2112"]
[BlackElo "2010"]
[Annotator "TA"]
[PlyCount "80"]
[EventDate "2021.10.15"]
[EventType "swiss"]
[EventCountry "NED"]
[SourceTitle "playchess.com"]
[Source "ChessBase"]
[SourceQuality "1"]

{[%evp 15,80,30,35,25,37,-10,14,14,13,14,6,-52,-60,-73,-61,-106,-6,-27,31,-41,-47,-45,-60,-77,-75,-187,0,0,47,39,37,29,74,0,0,-227,-239,-236,-220,-273,-295,-292,-270,-277,-278,-227,-92,-118,-105,-110,-109,-172,-183,-176,-114,-148,-135,-150,-119,-135,-134,-256,-256,-250,-205,-766,-746]} 1. d4 Nf6 2. Nf3 g6 3. Nc3 Bg7 4. e4 d6 5. Be2 O-O 6. O-O a6 7. a4 Nc6 8. h3 {8.d5 deserves study.} e5 9. d5 {B08: Pirc Defence: Classical System.} Ne7 10. Nd2 Nd7 {[#]} 11. a5 $146 {The position is equal.} ({Predecessor:} 11. Nc4 f5 12. exf5 gxf5 13. Bg5 h6 14. Bh4 Nf6 15. Bh5 Nxh5 16. Qxh5 Qe8 17. Qxe8 Rxe8 18. Bxe7 Rxe7 {0-1 (37) Andreikin,D (2720)-Malakhov,V (2694) Moscow 2015}) 11... f5 12. Na4 Nf6 13. f3 (13. c4 $11) 13... Bh6 $15 14. c4 Nh5 15. Ra3 Ng3 (15... Bd7 $1 $17 16. c5 Nc8) 16. Re1 $11 Bxd2 (16... Bf4 $11) 17. Bxd2 ({White should try} 17. Qxd2 $14 fxe4 18. fxe4 Nxe4 19. Qd3) 17... fxe4 $15 18. fxe4 Nxe4 19. Bh6 Rf7 20. g4 {[#]} (20. Bd3 $17 Nf5 21. Qc1) 20... Bd7 $2 (20... Nf5 $1 $19 {[%cal Rf5h6][%mdl 512]} 21. gxf5 (21. Bf1 Nf2) 21... Qh4) 21. Bf3 $1 $11 {[%cal Rf3e4]} Bxa4 22. Qxa4 Nc5 23. Qc2 Nc8 {[%cal Be7c8,Bc8d6,Bd6b5,Bb5d4][%mdl 32]} 24. b4 ({Better is} 24. Bg2 $16) 24... Qh4 $1 {[%csl LRe1,LRh3,LRh6][%mdl 64] Double Attack} 25. Rf1 (25. Qc1 $1 $11 Nd3 26. Rxd3 Qg3+ {[%mdl 64] Double Attack} 27. Bg2 Qxd3 28. Rd1) 25... Qxh6 $19 26. bxc5 Qxh3 27. cxd6 Nxd6 28. c5 Nb5 29. Re3 Raf8 30. Qg2 Qxg2+ (30... Qh4 $19 {is more deadly. aiming for ...Nd4.} 31. d6 Kg7 32. dxc7 Qe7) 31. Bxg2 $17 Rxf1+ 32. Bxf1 $19 {[%mdl 4096] Endgame KRB-KRN} Nd4 33. Bc4 (33. Bg2 $17) 33... Kg7 34. Kg2 Kf6 (34... Rf4 $19 {Threatens to win with ...Nc2.} 35. Rxe5 Rxg4+ 36. Kf2 Nf5) 35. g5+ {[%mdl 64] Decoy} Kxg5 {White must now prevent ...Kf4.} 36. Rxe5+ Nf5 {...Kf4 is the strong threat.} 37. Kf3 h5 38. c6 (38. Bd3 $17) 38... bxc6 39. dxc6 Rf6 40. Rc5 $2 {[#]} (40. Bxa6 Rxc6 41. Bb7 Rc3+ 42. Kf2) 40... Rxc6 $1 {[%mdl 512] Weighted Error Value: White=0.54/Black=0.28} 0-1

[Event "24th Hoogeveen Open 2021"]
[Site "Hoogeveen"]
[Date "2021.10.18"]
[Round "4.5"]
[White "Hoffman, Ron"]
[Black "Willemsma, Abe"]
[Result "1/2-1/2"]
[WhiteElo "1977"]
[BlackElo "2095"]
[Annotator "TA"]
[PlyCount "33"]
[EventDate "2021.10.15"]
[EventType "swiss"]
[EventCountry "NED"]
[SourceTitle "playchess.com"]
[Source "ChessBase"]
[SourceQuality "1"]

{[%evp 11,20,0,42,0,0,0,0,-31,-21,-34,-45]} 1. d4 g6 2. Bf4 Bg7 3. e3 d6 4. Nf3 Nd7 5. h3 e5 6. Bh2 Ne7 {Recently 6...Nh6 got a lot of attention.} 7. Be2 {A41: 1 d4 d6: Tartakower System and Modern Defence.} O-O 8. O-O Nf5 9. c4 exd4 10. exd4 c5 {[#] Black took control after the opening.  Weighted Error Value: White=0.24/Black=0.08} {Predecessor:} 11. Nc3 $146 cxd4 12. Nb5 Qb6 13. a4 a6 14. a5 Qc5 15. b4 Qxb4 16. Nc7 Rb8 17. Nd5 {0-1 (29) Kovanova,B (2352)-Gaponenko,I (2420) St Petersburg 2018} 1/2-1/2

[Event "24th Hoogeveen Open 2021"]
[Site "Hoogeveen"]
[Date "2021.10.18"]
[Round "4.6"]
[White "Labruyere, Roger"]
[Black "Binnendijk, Ferdinand"]
[Result "0-1"]
[WhiteElo "2009"]
[BlackElo "2142"]
[Annotator "RC"]
[PlyCount "137"]
[EventDate "2021.10.15"]
[EventType "swiss"]
[EventCountry "NED"]
[SourceTitle "playchess.com"]
[Source "ChessBase"]
[SourceQuality "1"]
[TimeControl "40/5400+30:1800+30"]

1. e4 {[%emt 0:00:01]} d6 {[%emt 0:00:28]} 2. d4 {[%emt 0:00:05]} Nf6 {[%emt 0:00:02]} 3. Nc3 {[%emt 0:00:04]} Nbd7 {[%emt 0:00:03]} 4. g3 {[%emt 0:00:05]} c5 {[%emt 0:00:03]} 5. Nge2 {[%emt 0:00:05]} cxd4 {[%emt 0:00:04]} 6. Nxd4 {[%emt 0:00:05]} g6 {[%emt 0:00:35]} 7. Bg2 {[%emt 0:00:05]} Bg7 {[%emt 0:00:06]} 8. O-O {[%emt 0:00:09]} O-O {[%emt 0:00:03]} 9. Be3 {[%emt 0:00:47]} a6 {[%emt 0:04:07]} 10. a4 {[%emt 0:02:30]} Ne5 {[%emt 0:01:54]} 11. Qe2 {[%emt 0:09:47]} Qc7 {[%emt 0:07:20]} 12. Nb3 {[%emt 0:01:25]} Be6 {[%emt 0:05:18]} 13. Bd4 {[%emt 0:04:32]} Bc4 {[%emt 0:04:45]} 14. Qd2 {[%emt 0:00:33]} Bxf1 {[%emt 0:00:48]} 15. Rxf1 {[%emt 0:00:06]} Nc4 {[%emt 0:05:37]} 16. Qc1 {[%emt 0:02:53]} Rac8 {[%emt 0:03:22]} 17. Bxf6 {[%emt 0:03:13]} Bxf6 {[%emt 0:00:30]} 18. Nd5 {[%emt 0:00:19]} Qd8 {[%emt 0:05:48]} 19. Nxf6+ {[%emt 0:00:09]} exf6 {[%emt 0:00:02]} 20. Nd2 {[%emt 0:02:06]} Qa5 {[%emt 0:03:45]} 21. Nxc4 {[%emt 0:00:07]} Rxc4 {[%emt 0:00:04]} 22. b3 {[%emt 0:00:10]} Rc3 {[%emt 0:00:45]} 23. Rd1 {[%emt 0:04:57]} Qc7 {[%emt 0:04:34]} 24. Qf4 {[%emt 0:01:50]} Rxc2 {[%emt 0:01:33]} 25. h4 {[%emt 0:03:17]} Qc3 {[%emt 0:04:28]} 26. Qxd6 {[%emt 0:08:29]} Rc1 {[%emt 0:00:26]} 27. Rxc1 {[%emt 0:00:17]} Qxc1+ {[%emt 0:00:04]} 28. Kh2 {[%emt 0:00:11]} Qb2 {[%emt 0:03:52]} 29. Qb6 {[%emt 0:01:21]} a5 {[%emt 0:07:09]} 30. Bf3 {[%emt 0:13:05]} Qe5 {[%emt 0:06:03]} 31. Kg2 {[%emt 0:06:10]} h5 {[%emt 0:01:07]} 32. b4 {[%emt 0:08:58]} axb4 {[%emt 0:00:06]} 33. Qxb4 {[%emt 0:00:04]} Rb8 {[%emt 0:04:30]} 34. Bd1 {[%emt 0:02:59]} b6 {[%emt 0:08:01]} 35. Bb3 {[%emt 0:03:29]} Kg7 {[%emt 0:01:28]} 36. Qc4 {[%emt 0:02:28]} Rb7 {[%emt 0:00:18]} 37. Qe2 {[%emt 0:15:21]} Re7 {[%emt 0:02:33]} 38. Bc2 {[%emt 0:02:21]} Qc3 {[%emt 0:01:17]} 39. Qd3 {[%emt 0:01:00]} Rc7 {[%emt 0:01:08]} 40. Bb1 {[%emt 0:01:14]} Qxd3 {[%emt 0:04:18]} 41. Bxd3 {[%emt 0:30:11]} Rc3 {[%emt 0:30:34]} 42. Bb5 {[%emt 0:00:16]} Kf8 {[%emt 0:01:52]} 43. Kf1 {[%emt 0:01:32]} Ke7 {[%emt 0:00:10]} 44. Ke2 {[%emt 0:00:08]} g5 {[%emt 0:05:04]} 45. hxg5 {[%emt 0:00:00]} fxg5 {[%emt 0:00:00]} 46. Kf1 {[%emt 0:00:00]} Ke6 {[%emt 0:00:00]} 47. Kg2 {[%emt 0:00:00]} g4 {[%emt 0:00:00]} 48. Kf1 {[%emt 0:00:00]} Ke5 {[%emt 0:00:00]} 49. Be8 {[%emt 0:00:00]} Rc7 {[%emt 0:00:00]} 50. Kg1 {[%emt 0:00:00]} Kxe4 {[%emt 0:00:00]} 51. Kg2 {[%emt 0:00:00]} Re7 {[%emt 0:00:00]} 52. Bc6+ {[%emt 0:00:00]} Kd4 {[%emt 0:00:00]} 53. Bb5 {[%emt 0:00:00]} Re5 {[%emt 0:00:00]} 54. Bc6 {[%emt 0:00:00]} Kc5 {[%emt 0:00:00]} 55. Bb5 {[%emt 0:00:00]} Kb4 {[%emt 0:00:00]} 56. Bc6 {[%emt 0:00:00]} Ra5 {[%emt 0:00:00]} 57. Be8 {[%emt 0:00:00]} f5 {[%emt 0:00:00]} 58. Bxh5 {[%emt 0:00:00]} Rxa4 {[%emt 0:00:00]} 59. f3 {[%emt 0:00:00]} Kc3 {[%emt 0:00:00]} 60. fxg4 {[%emt 0:00:00]} fxg4 {[%emt 0:00:00]} 61. Kf2 {[%emt 0:00:00]} Kd2 {[%emt 0:00:00]} 62. Be8 {[%emt 0:00:00]} Rd4 {[%emt 0:00:00]} 63. Bb5 {[%emt 0:00:00]} Rd5 {[%emt 0:00:00]} 64. Bc6 {[%emt 0:00:00]} Rf5+ {[%emt 0:00:00]} 65. Kg2 {[%emt 0:00:00]} Ke3 {[%emt 0:00:00]} 66. Bd7 {[%emt 0:00:00]} Rf2+ {[%emt 0:00:00]} 67. Kg1 {[%emt 0:00:00]} Kf3 {[%emt 0:00:00]} 68. Bxg4+ {[%emt 0:00:00]} Kxg3 {[%emt 0:00:00]} 69. Bh5 {[%emt 0:00:00]} 0-1

[Event "24th Hoogeveen Open 2021"]
[Site "Hoogeveen"]
[Date "2021.10.18"]
[Round "4.7"]
[White "Mol, Christiaan"]
[Black "Roobol, Martin"]
[Result "1/2-1/2"]
[WhiteElo "1913"]
[BlackElo "2296"]
[Annotator "TA"]
[PlyCount "43"]
[EventDate "2021.10.15"]
[EventType "swiss"]
[EventCountry "NED"]
[SourceTitle "playchess.com"]
[Source "ChessBase"]
[SourceQuality "1"]

{[%evp 14,43,46,41,49,2,13,13,8,3,42,55,31,23,50,47,50,35,100,112,112,72,89,94,80,8,9,0,0,0,0,0]} 1. d4 Nf6 2. c4 g6 3. Nc3 Bg7 4. e4 d6 5. f3 O-O 6. Be3 a6 7. Qd2 Nbd7 $1 {7...Nbd7 scores better than 7...Nc6.} 8. Nh3 c5 {E81: King's Indian: Sämisch: 6th move deviations (including 6 Be3 c6).} 9. Be2 cxd4 10. Bxd4 Ne5 11. Nf2 Qa5 12. b4 {[#]} Qd8 $146 ({Reject} 12... Qxb4 13. Rb1 $16) ({Predecessor:} 12... Qc7 13. Rc1 Nfd7 14. O-O Qd8 15. Rfd1 Re8 16. Nd5 e6 17. Ne3 Bf8 18. Bb2 Qb6 {1-0 (33) Salem,A (2538)-Rapport,J (2359) Caleta 2013}) 13. Nd5 $36 {[%mdl 2048] Black is under pressure.} Ned7 14. O-O Nxd5 15. cxd5 f5 ({Black should play} 15... Bxd4 $14 16. Qxd4 Qb6 17. Qxb6 Nxb6) 16. Bxg7 $16 Kxg7 17. Qd4+ Kg8 18. exf5 gxf5 19. Nd3 ({White should try} 19. a4 $16) 19... Qb6 $11 {The position is equal.} 20. Qxb6 Nxb6 21. Nf4 Bd7 22. Rfe1 {Weighted Error Value: White=0.18/Black=0.13} 1/2-1/2

[Event "24th Hoogeveen Open 2021"]
[Site "Hoogeveen"]
[Date "2021.10.19"]
[Round "5.1"]
[White "Van der Hagen, Loek"]
[Black "Bezemer, Arno"]
[Result "0-1"]
[WhiteElo "2010"]
[BlackElo "2283"]
[Annotator "TA"]
[PlyCount "124"]
[EventDate "2021.10.15"]
[EventType "swiss"]
[EventCountry "NED"]
[SourceTitle "playchess.com"]
[Source "ChessBase"]
[SourceQuality "1"]

{[%evp 11,124,39,38,18,19,0,8,0,0,0,0,0,0,-75,-74,-170,-188,-159,-112,-115,-54,-94,-87,-87,-84,-100,-91,-97,-91,-96,-70,-102,-93,-100,-90,-79,-54,-88,-72,-183,-150,-146,-137,-144,-128,-156,-152,-155,-155,-561,-572,-557,-535,-548,-547,-468,-423,-1025,-850,-29960,-9670,-29971,-29972,-29970,-29970,-29969,-4775,-29979,-29980,-29981,-29982,-29982,-29983,-29983,-29984,-29984,-29985,-29985,-29985,-29988,-29989,-29988,-29989,-29992,-29989,-29989,-29989,-29989,-29990,-29992,-29991,-29991,-29991,-29992,-29992,-29992,-29993,-29993,-29993,-29993,-29993,-29993,-29994,-29994,-29994,-29994,-29995,-29995,-29996,-29996,-29996,-29996,-29997,-29997,-4779]} 1. e4 c5 2. Nf3 d6 3. d4 cxd4 4. Nxd4 Nf6 5. Nc3 Bd7 6. Bg5 e6 7. f4 {B56: Classical Sicilian: Unusual Lines.} Nc6 8. Qd2 h6 9. Bxf6 {The position is equal.} Qxf6 10. Ndb5 {[#] Strongly threatening Nc7+.} O-O-O 11. O-O-O a6 12. Na3 ({Reject} 12. Nxd6+ Bxd6 13. e5 (13. Qxd6 Be8 $17) 13... Bxe5 $17) (12. e5 $1 $11 dxe5 13. Ne4) 12... d5 $17 {[#]} 13. Nab1 $146 {[#]} (13. exd5 $17 {is a better defense.} Bxa3 14. bxa3 exd5 15. Bd3) ({Predecessor:} 13. e5 Qe7 14. Ne2 f6 15. Nd4 fxe5 16. Nxc6 Bxc6 17. fxe5 Qc7 18. Nb1 Qxe5 19. Be2 {0-1 (33) Kirillov,A (1855)-Pozin,S (2299) Ekaterinburg 2019}) 13... d4 $1 $36 {[%cal Rd4c3][%mdl 2048] Black is really pushing.} 14. Ne2 Nb4 {[%cal Rb4a2]} 15. b3 Nxa2+ (15... Bc5 {feels hotter.} 16. a3 Nc6 17. e5 Qe7 18. b4 Bb6) 16. Kb2 Nc3 17. Nbxc3 dxc3+ 18. Qxc3+ Qxc3+ 19. Nxc3 g5 20. g3 Bc5 21. Bh3 Rhg8 22. f5 g4 23. Bg2 exf5 24. Rhf1 Bc6 {Threatens to win with ...Rxd1.} 25. Rxd8+ (25. Nd5 $17 {was called for.}) 25... Rxd8 26. Rxf5 Bg1 27. Bf1 Rd2 28. Rxf7 Bd4 ({Of course not} 28... Bxh2 $6 29. Be2 $11) 29. b4 Bxe4 30. Kb3 {Loses the game.} (30. Rf4 $17 {is more resistant.} Rxc2+ 31. Kb1 Bxc3 32. Rxe4 Rb2+ 33. Kc1 Rxb4 34. Re6) 30... Bxc2+ 31. Kc4 b5+ 32. Nxb5 axb5+ 33. Kxb5 Rf2 34. Rxf2 (34. Bc4 $142) 34... Bxf2 35. h3 h5 36. hxg4 hxg4 37. Be2 Bf5 38. Kc4 Bxg3 (38... Be6+ $142 39. Kd3 Bxg3 40. Bf1 Kc7 41. Ke4 Bd6 42. Ke3 Bc8 43. b5 Bb7 44. Bd3 Kb6 45. Bf5 g3 46. Bh3 g2 47. Bxg2 Bxg2 48. Kf2 Bd5 49. Kf1 Kxb5 50. Ke2 Kc4 51. Ke3 Kc3 52. Ke2 Bf4 53. Kf1 Kd3 54. Kf2 Bd6 55. Kf1 Bg3 56. Kg1 Bb7 57. Kf1 Ke3 58. Kg1 Kf3 59. Kf1 Ba6+ 60. Kg1 Bd6 61. Kh1 Kg3 62. Kg1 Bc5+ 63. Kh1 Bb7#) 39. Bxg4 Bxg4 {Black mates.} 40. b5 Kb7 41. Kd5 Kb6 42. Ke4 Kxb5 43. Kd5 Bf5 44. Kd4 Kc6 45. Kc4 Be5 46. Kb4 Bd3 47. Ka5 Bd4 48. Kb4 Kb6 49. Ka4 Kc5 50. Ka5 Bc3+ 51. Ka4 Bc2+ 52. Ka3 Kb5 53. Ka2 Kc4 54. Ka3 Bb4+ 55. Kb2 Ba4 56. Ka2 Kc3 57. Kb1 Bd7 58. Kc1 Bg4 59. Kb1 Be7 60. Kc1 Bg5+ 61. Kb1 Kb3 62. Ka1 Bh5 {Weighted Error Value: White=0.87/Black=0.31} (62... Bd1 $142 63. Kb1 Bc2+ 64. Ka1 Bf6#) 0-1

[Event "24th Hoogeveen Open 2021"]
[Site "Hoogeveen"]
[Date "2021.10.19"]
[Round "5.3"]
[White "Meurs, Tom"]
[Black "Shakhverdian, William"]
[Result "1-0"]
[WhiteElo "2217"]
[BlackElo "2067"]
[Annotator "TA"]
[PlyCount "63"]
[EventDate "2021.10.15"]
[EventType "swiss"]
[EventCountry "NED"]
[SourceTitle "playchess.com"]
[Source "ChessBase"]
[SourceQuality "1"]

{[%evp 18,63,4,2,12,9,8,0,40,40,47,46,41,40,41,40,40,40,40,40,99,96,99,99,99,99,99,99,99,99,99,99,99,99,171,157,235,222,441,436,402,401,428,406,612,612,595,588]} 1. e4 e5 2. Nf3 Nc6 3. Bb5 a6 4. Ba4 Nf6 5. O-O Be7 6. d3 b5 7. Bb3 O-O 8. Nc3 d6 9. a3 Bg4 10. Be3 Nd4 {C84: Closed Ruy Lopez: Unusual White 6th moves.} 11. Bxd4 exd4 12. Nd5 c6 {[#]The position is equal.} 13. h3 $1 {And now Nxf6+ would win.} Bxf3 14. Nxf6+ Bxf6 15. Qxf3 Qd7 16. a4 {[#]} Kh8 $146 ({Predecessor:} 16... b4 17. a5 Rfe8 18. Qg3 Re5 19. f4 Rc5 20. Kh1 Qc7 21. Ra4 Rb8 22. Qe1 Qb7 {1-0 (35) Pap,G (2542)-Goessler,M (2175) Graz 2016}) 17. Qg4 Qxg4 18. hxg4 g6 (18... a5 $14) 19. axb5 $16 axb5 20. Rxa8 Rxa8 21. Bxf7 {[%mdl 4096] Endgame KRB-KRB} Kg7 22. Bb3 g5 23. g3 Ra7 24. f4 h6 25. Kg2 c5 (25... b4 $16 26. Kf3 Kg6) 26. Bd5 $18 c4 (26... Bd8 $16 {might work better.} 27. Rh1 b4) 27. dxc4 b4 {[#]} (27... bxc4 {was necessary.} 28. Bxc4 d3 29. cxd3 gxf4 30. gxf4 Bxb2) 28. c5 gxf4 29. gxf4 dxc5 30. e5 Bd8 (30... Bh4 $142 31. Kf3 b3 32. Bxb3 Rb7) 31. f5 Bg5 32. f6+ {Weighted Error Value: White=0.00/Black=0.37} 1-0

[Event "24th Hoogeveen Open 2021"]
[Site "Hoogeveen"]
[Date "2021.10.19"]
[Round "5.4"]
[White "Willemsma, Abe"]
[Black "Hovenga, Alje"]
[Result "1/2-1/2"]
[WhiteElo "2095"]
[BlackElo "2212"]
[Annotator "TA"]
[PlyCount "49"]
[EventDate "2021.10.15"]
[EventType "swiss"]
[EventCountry "NED"]
[SourceTitle "playchess.com"]
[Source "ChessBase"]
[SourceQuality "1"]

{[%evp 25,36,8,13,18,10,0,0,0,0,0,0,0,20]} 1. e4 c5 2. Nf3 Nc6 3. d4 cxd4 4. Nxd4 Nf6 5. Nc3 d6 6. Bg5 Bd7 7. Qd2 Nxd4 8. Qxd4 Qa5 9. f4 Rc8 10. e5 dxe5 11. fxe5 e6 12. O-O-O Bc6 13. Bb5 Nd5 $1 {The position is equal.} 14. Nxd5 {B61: Sicilian: Richter-Rauzer: 6...Bd7 7 Qd2.} Bxb5 {[#]} 15. Qxa7 $1 Bb4 ({Not} 15... Qxa7 {[#]} 16. Nc7+ $1 {[%mdl 512]} Rxc7 17. Rd8#) 16. Qxa5 Bxa5 17. b4 exd5 18. bxa5 ({Don't blunder} 18. Rxd5 $2 Bd8 $19) 18... Bc4 {[#] Not much happened in this game.  Weighted Error Value: White=0.02/Black=0.00} {Predecessor:} 19. Kb2 $146 Kd7 20. Bd2 Ke6 21. Rhe1 Bb5 22. Re3 Ba4 23. Bc3 Rc4 24. Rg3 Rhc8 25. Rdd3 {½-½ (104) Hamdouchi,H (2600)-Daskevics,V (2414) Condom 2010} 1/2-1/2